000 00789nam a2200265Ia 4500
003 OSt
005 20220924130136.0
006 a|||||r|||| 00| 0
007 ta
008 220923b |||||||| |||| 00| 0 per d
020 _a9789640106969 (pbk)
020 _cINR 400.00
024 _a353838
037 _b2360, 12/02/2020, M.R. Publications
_cTextual
040 _aARTS
_cARTS
_bper
041 _2per
_aper
082 _aO164,1:g, Q5
100 _aPurjawadi Nasarullah Au.
_9199554
245 0 _aBoyee jaan
260 _aTehran
_bMarkaz nashr-e-danishgah Iran
_c2015
300 _a298p.
_ccm.
650 _aPERSIAN POETRY
942 _hO164,1:g, Q5
_cTEXL
_2CC
999 _c424125
_d424125